Central Library OPAC University of Rajshahi

রায়শেখরের পদাবলী / (Record no. 53507)

MARC details
000 -LEADER
fixed length control field 01287nam a2200241 a 4500
001 - CONTROL NUMBER
control field 53507
003 - CONTROL NUMBER IDENTIFIER
rucl marc code BD-RjUL
005 - DATE AND TIME OF LATEST TRANSACTION
control field 20211209075955.0
008 - FIXED-LENGTH DATA ELEMENTS--GENERAL INFORMATION
fixed length control field 161016s1955 ii ||||| |||| 00| 0 ben d
020 ## - INTERNATIONAL STANDARD BOOK NUMBER
Terms of availability : Tk.10.00
035 ## - SYSTEM CONTROL NUMBER
System control number (BD-RjUL)53628
040 ## - CATALOGING SOURCE
Original cataloging agency BD-RjUL
Language of cataloging ben
Transcribing agency BD-RjUL
Modifying agency BD-RjUL
041 ## - LANGUAGE CODE
Language code of text/sound track or separate title ben
082 ## - DEWEY DECIMAL CLASSIFICATION NUMBER
Edition number 23
Classification number 891.44109
Author mark and year RAY 1955
245 00 - TITLE STATEMENT
Title রায়শেখরের পদাবলী /
Statement of responsibility, etc. শ্রীযতীন্দ্রমোহন ভট্টাচার্য্য ও শ্রীদ্বারেশ্চন্দ্র শর্ম্মাচার্য্য সম্পাদিত
260 ## - PUBLICATION, DISTRIBUTION, ETC. (IMPRINT)
Place of publication, distribution, etc. কলিকাতা :
Name of publisher, distributor, etc. কলিকাতা বিশ্ববিদ্যালয়,
Date of publication, distribution, etc. ১৯৫৫.
300 ## - PHYSICAL DESCRIPTION
Pagination [২২], ৩৬৪ পৃ. ;
Size ২৩ সেমি.
650 ## - SUBJECT ADDED ENTRY--TOPICAL TERM
Topical term or geographic name as entry element বাংলা কবিতা
Form subdivision ইতিহাস ও সমালোচনা
9 (RLIN) 117724
Topical term or geographic name as entry element Bengali Poetry
Form subdivision History and Criticism
9 (RLIN) 117725
700 ## - ADDED ENTRY--PERSONAL NAME
Personal name ভট্টাচার্য্য, শ্রীযতীন্দ্রমোহন সম্পাদিত
Personal name শর্ম্মাচার্য্য, শ্রীদ্বারেশ্চন্দ্র সম্পাদিত
942 ## - ADDED ENTRY ELEMENTS (KOHA)
Source of classification or shelving scheme Dewey Decimal Classification
Koha item type Books
Holdings
Lost status Source of classification or shelving scheme Damaged status Not for loan Collection code Permanent Location Current Location Shelving location Date acquired Source of acquisition Cost, normal purchase price Total Checkouts Full call number Date last seen Copy number Koha item type
  Dewey Decimal Classification     Non-fiction Central Library, University of Rajshahi Central Library, University of Rajshahi   23/11/1962 komola book 10.00   B 891.44109 RAY 1955 16/10/2016 C-2 Books
  Dewey Decimal Classification     Non-fiction Central Library, University of Rajshahi Central Library, University of Rajshahi   23/11/1962 Kamala Book 10.00   B 891.44109 RAY 1955 23/10/2016 C-3 Books
  Dewey Decimal Classification     Non-fiction Central Library, University of Rajshahi Central Library, University of Rajshahi   08/10/1959 Provical Book 10.00   B 891.44109 RAY 1955 14/11/2016 C-4 Books